| 000 | 01080nam a2200277 a 4500 | ||
|---|---|---|---|
| 001 | ebr10397677 | ||
| 003 | CaPaEBR | ||
| 006 | m u | ||
| 007 | cr cn||||||||| | ||
| 008 | 100811s2010 dcu ss 000 0 eng d | ||
| 020 | _z9780821382462 | ||
| 020 | _z9780821384671 (e-book) | ||
| 040 |
_aCaPaEBR _cCaPaEBR |
||
| 035 | _a(OCoLC)650235447 | ||
| 050 | 1 | 4 |
_aHG3891.5 _b.L58 2010eb |
| 245 | 0 | 4 |
_aThe little data book on external debt. _n2010 _h[electronic resource]. |
| 246 | 3 | 4 | _aLittle data book on external debt 10 |
| 260 |
_aWashington, D.C. : _bWorld Bank, _c2010. |
||
| 300 | _avi, 146 p. | ||
| 490 | 0 | _aThe little data book on external debt. 2010 | |
| 533 |
_aElectronic reproduction. _bPalo Alto, Calif. : _cebrary, _d2013. _nAvailable via World Wide Web. _nAccess may be limited to ebrary affiliated libraries. |
||
| 650 | 0 |
_aDebts, External _vStatistics. |
|
| 655 | 7 |
_aElectronic books. _2local |
|
| 710 | 2 | _aebrary, Inc. | |
| 856 | 4 | 0 |
_uhttp://site.ebrary.com/lib/rucke/Doc?id=10397677 _zAn electronic book accessible through the World Wide Web; click to view |
| 999 |
_c95754 _d95754 |
||